| 000 | 00589nam a2200169Ia 4500 | ||
|---|---|---|---|
| 008 | 180921t2017 xxu||||| |||| 00| 0 sin d | ||
| 041 | _asin | ||
| 080 |
_a294.3 _bGNA |
||
| 100 |
_a Gnanananda Himi, Kiribathgoda _etr. |
||
| 245 | _aනුවණ වඩන බෝසත් කතා 16: ජාතක පොත් වහන්සේ(දළ්හ වර්ගය) | ||
| 246 | _aNuwana Wadana Bosath Kata 16 : Jathaka Poth Wahanse(Dhalha Wargaya) | ||
| 260 |
_bMahamegha _aPolgahawela _c2017 |
||
| 300 | _b76p, 21cm | ||
| 942 | _cBK | ||
| 999 |
_c1925 _d1925 |
||
| 003 | LK-CoDNM | ||
| 040 |
_aLK-CoDNM _dLK-CoDNM _eLK-CoDNM |
||